Знаменитости с редкими именами - Statistics

General Stats
  • This quiz has been taken 18 times
  • The average score is 15 of 30
Answer Stats
Имя Фамилия Деятельность % Correct
Жорес Алфёров советский электрофизик
90%
Климент Ворошилов советский военачальник
90%
Лаврентий Берия начальник карательных служб при Сталине
80%
Фаина Раневская российская и советская актриса и дива ("Подкидыш", "Карлсон вернулся")
80%
Модест Мусоргский русский композитор, участник Могучей кучки
70%
Ростислав Хайт российский актёр, участник Квартета "И"
70%
Савелий Крамаров советский актёр, эмигрировавший в США ("Джентльмены удачи", "Большая перемена", "Танго и Кэш")
70%
Ядвига Поплавская белорусская певица
60%
Эраст Гарин советский актёр ("Золушка", "Джентльмены удачи")
60%
Гавриил Попов мэр Москвы, предшественник Юрия Лужкова
60%
Мстислав Ростропович советский виолончелист, игравший на руинах Берлинской стены
60%
Ефим Шифрин советский и российский юморист и актёр
60%
Элем Климов советский кинорежиссёр ("Иди и смотри", "Добро пожаловать, или Посторонним вход воспрещён")
60%
Зиновий Гердт советский актёр, известный ролью Паниковского в "Золотом телёнке"
60%
Лука Мудищев вымышленный герой похабных стихов российского фольклора и поэта Ивана Баркова
60%
Архип Куинджи русский художник ночных пейзажей
50%
Юлий Ким советский и российский бард
50%
Олдос Хаксли английский писатель, автор антиутопии "Дивный новый мир"
40%
Всеволод Мейерхольд репрессированный деятель ранне-советского театра
40%
Сидор Ковпак советский военачальник украинского происхождения
40%
Тихон Дзядко российский журналист, главный редактор телеканала "Дождь"
40%
Борислав Брондуков советский актёр ("Афоня", "Каменный крест", "Мимино")
40%
Порфирий Иванов советский крестьянин, известный невероятной выносливостью своего организма
40%
Кондратий Рылеев русский поэт, расстрелянный декабрист
30%
Цезарь Кюи русский композитор, участник Могучей кучки
30%
Мирон Фёдоров российский рэпер
30%
Никифор Ляпис-Трубецкой вымышленный поэт, персонаж романа "12 стульев"
20%
Питирим Сорокин американский и русский учёный-социолог, автор понятий о социальной стратификации и социальной мобильности
20%
Пафнутий Чебышёв русский механик, занимавшийся принципами маховиков
10%
Милий Балакирев русский композитор, участник Могучей кучки
10%
No matching quizzes found
Score Distribution
Percent of People with Each Score
Percentile by Number Answered
Your Score History
You have not taken this quiz